Southville International School and Colleges
Your cart is empty.
  • Cart
  • Lists
    Public lists Eva Luna New books Lux_list list_1
    Your lists Log in to create your own lists
  • Log in to your account
  • Your cookies
  • Search history
Southville International School and Colleges
  • Advanced search
  • Recent comments
  • Most popular
  • Libraries

Log in to your account

Log in with GOOGLE


If you do not have an external account, but do have a local account, you can still log in:

  1. Home
  2. MARC view: Cost and materials management in the food service industry /
Normal view MARC view ISBD view

Cost and materials management in the food service industry / (Record no. 291382)

[ view plain ]
MARC details
000 -LEADER
fixed length control field 00809nam a2200289Ia 4500
003 - CONTROL NUMBER IDENTIFIER
control field SMC
005 - DATE AND TIME OF LATEST TRANSACTION
control field 20160630095613.0
008 - FIXED-LENGTH DATA ELEMENTS--GENERAL INFORMATION
fixed length control field 160303s9999 xx 000 0 und d
020 ## - INTERNATIONAL STANDARD BOOK NUMBER
International Standard Book Number 978-971-92137-9-6
050 ## - LIBRARY OF CONGRESS CALL NUMBER
Classification number FIL TX 911.3
050 ## - LIBRARY OF CONGRESS CALL NUMBER
Item number .C65R65 2007 c.2
100 ## - MAIN ENTRY--PERSONAL NAME
Personal name Roldan, Amelia S.
245 ## - TITLE STATEMENT
Title Cost and materials management in the food service industry /
245 ## - TITLE STATEMENT
Statement of responsibility, etc Amelia S. Roldan.
260 ## - PUBLICATION, DISTRIBUTION, ETC. (IMPRINT)
Place of publication, distribution, etc Parañaque City:
260 ## - PUBLICATION, DISTRIBUTION, ETC. (IMPRINT)
Name of publisher, distributor, etc Skills dev. and management serv.,
260 ## - PUBLICATION, DISTRIBUTION, ETC. (IMPRINT)
Date of publication, distribution, etc 2007
300 ## - PHYSICAL DESCRIPTION
Extent 184 pages :
300 ## - PHYSICAL DESCRIPTION
Other physical details illustrations ;
300 ## - PHYSICAL DESCRIPTION
Dimensions 26 cm.
500 ## - GENERAL NOTE
General note Includes bibliographical references.
650 ## - SUBJECT ADDED ENTRY--TOPICAL TERM
Topical term or geographic name as entry element Food service --
650 ## - SUBJECT ADDED ENTRY--TOPICAL TERM
Topical term or geographic name as entry element Food service management --
650 ## - SUBJECT ADDED ENTRY--TOPICAL TERM
General subdivision Philippines -- Cost control.
650 ## - SUBJECT ADDED ENTRY--TOPICAL TERM
General subdivision Philippines.
942 ## - ADDED ENTRY ELEMENTS (KOHA)
Source of classification or shelving scheme Library of Congress Classification
Koha item type Books
Holdings
Withdrawn status Lost status Damaged status Home library Current library Shelving location Date acquired Cost, normal purchase price Total Checkouts Full call number Barcode Date last seen Price effective from Koha item type
      South Mansfield College South Mansfield College Filipiniana Section 01/11/2008 400.00   FIL TX 911.3 .C65R65 2007 c.2 SMC04812 03/03/2016 03/03/2016  

Cost and materials management in the food service industry /

APA

Roldan A. S., .Cost and materials management in the food service industry. Parañaque City: .

Chicago

Roldan Amelia S, .Cost and materials management in the food service industry. Parañaque City: .

Harvard

Roldan A. S., .Cost and materials management in the food service industry. Parañaque City: .

MLA

Roldan Amelia S, .Parañaque City: . .

  • Place hold
  • Print
  • Cite
  • Add to your cart (remove)
  • Save record
    BIBTEX Dublin Core MARCXML MARC (non-Unicode/MARC-8) MARC (Unicode/UTF-8) MARC (Unicode/UTF-8, Standard) MODS (XML) RIS
  • More searches
    Search for this title in:
    Other Libraries (WorldCat) Other Databases (Google Scholar) Online Stores (Bookfinder.com) Open Library (openlibrary.org)

Exporting to Dublin Core...

SOUTHVILLE LIBRARY

Southville International School and Colleges Library

1281 Tropical Ave. Cor. Luxembourg St., BF Homes International, Las Pinas City

Tel. No. 8256374 / 252358 Loc. 117/146

Powered by Koha